| 000 | 00761 a2200229 4500 | ||
|---|---|---|---|
| 010 | _aENG-88998 | ||
| 020 |
_c375.00 _a9788175346512 |
||
| 035 | _aEN-72531 | ||
| 037 | _bDBAD / PUB | ||
| 082 | 1 | 4 | _a346.54066 |
| 090 |
_c9817 _d9817 |
||
| 100 | _aSaharay, H.K. | ||
| 245 | 1 | 0 |
_aCompany law / _cby H.K. Saharay |
| 250 | _a5th ed | ||
| 260 |
_aDelhi _bUniversal Law Publishing Co _c2008 |
||
| 270 |
_aC-FF-1A, Dilkhush Induatrial Estate, Opp. Hans Cinema, G. T. Karnal Raod, Azadpur _bDelhi _e110 033 |
||
| 300 |
_acviii, 643p. _c22 cm (pbk) |
||
| 700 | _aKhan, Nizamuddin | ||
| 700 | _aHashmi, S.Najmul Islam | ||
| 942 |
_adpl _cEN _k346.54066 / SAH |
||
| 999 |
_c9638 _d9638 |
||